Statistiche per Quiz Cultura Generale - Quiz n°44

Clicka qui per fare il quiz!

Statistiche generali

  • Questo quiz è stato fatto 87 volte
  • Il punteggio medio è 9 su 15

Statistiche sulle risposte

DomandaRisposta% Corretto
Chi è il migliore amico di Obelix?Asterix
94%
Qual è il participio passato del verbo "valere"?Valso
89%
Secondo la Bibbia, chi è riuscito a sconfiggere Golia grazie ad una fionda?Davide
88%
In quale continente si trova la catena montuosa dei Balcani?Europa
86%
In quale continente si trova il deserto del Namib?Africa
79%
Qual è l'accrescitivo di testa?Testone
65%
Come è detta ciascuna delle due parti in cui una retta risulta divisa da un suo punto?Semiretta
59%
In quale anno è stato abolito il servizio militare di leva in Italia?2004
50%
Qual è la montagna più alta della catena appenninica?Gran Sasso
50%
Chi era il Dio dei venti per gli antichi greci?Eolo
45%
In quale sport si cimentano i giocatori dei Denver Broncos?Football americano
41%
Quale personaggio della Divina Commedia si è cibato dei propri figli quando era in vita?Ugolino della Gherardesca
38%
In Medicina, come è chiamata l'opacizzazione parziale o totale del cristallino?Cataratta
35%
Qual è il castello più antico della città di Napoli?Castel dell'Ovo
33%
Quanto è il risultato di 1/4 + 1/3 + 1/2?13/12
26%

Distribuzione punteggi

Percentile per numero di risposta

Percentuale di utenti per punteggio

I tuoi punteggi nel tempo

Non hai fatto questo quiz